Normal view MARC view
  • Bibbia

Entry Uniform Title

Number of records used in: 1

001 - CONTROL NUMBER

  • control field: 61856

003 - CONTROL NUMBER IDENTIFIER

  • control field:

005 - DATE AND TIME OF LATEST TRANSACTION

  • control field: 20250318114657.0

008 - FIXED-LENGTH DATA ELEMENTS

  • fixed length control field: 250318|| aca||aabn | a|a d

040 ## - CATALOGING SOURCE

  • Original cataloging agency:
  • Transcribing agency:

130 ## - HEADING--UNIFORM TITLE

  • Uniform title: Bibbia
  • Form subdivision: N.T.
  • General subdivision: Lettera ai Filippesi

670 ## - SOURCE DATA FOUND

  • Source citation: Work cat.: ()360443: Anna Maria, Canopi monaca 1931-2019 autore 61855, Siate lieti nel Signore :, 2008
CREDITS: SOCIETA' SAN PAOLO Via A.Severo, 58 - ROMA (RM) & PERIODICI SAN PAOLO SRL Via Giotto, 36 MILANO & CISF Via Giotto, 36 MILANO & EDIZIONI SAN PAOLO SRL,  Piazza Soncino, 5 CINISELLO BALSAMO (MI) -- ITALY